000 01137nam0a22002891 4500
001 v19\rc\1972481
005 20251118181123.9
035 _a(NLR Aleph) 005056810
090 _a6953488
_c6953488
100 _a20080623d1914 |||y0rusy50 ca
101 0 _arus
102 _aRU
105 _ay b |||||
200 1 _aКаталог книг книжного магазина "Знание" г. Уфа, К.Г. Гущин, член О-ва книгопродавцев и книгоиздателей в С.-Петербурге
210 _aУфа
_d1914
215 _a33 с.
532 1 3 _aКаталог книг книжного магазина Знание г. Уфа, К.Г. Гущин, член О-ва книгопродавцев и книгоиздателей в С.-Петербурге
702 1 _aГущин
_bК. Г.
_4570
710 0 2 _a"Знание", книжный магазин
_cУфа
_3RU\NLR\AUTH\8810157313
801 0 _aRU
_bNLR
_gpsbo
801 0 _aRU
_bRuMoRGB
_2psbo
801 1 _aRU
_bProSoft-M
_2rusmarc
852 _aNLR
_j37.55.9.107
899 _aБАН
942 _cBOOK
980 _aNB